Josef Staněk - František Staněk - Milan Staněk : [katalog výstavy r. 1970 v Bučovicích] /

Hlavní autor: Staněk, Josef, 1899-1995
Další autoři: Kostka, Jiří, 1920-1980, Staněk, František, 1909-1994, Staněk, Milan, 1931-2015
Jazyk: Čeština
Vydáno: [Česko : s.n.], 1970
Fyzický popis: 1 nestránkovaný sv.
Knihy
Uloženo v:
LEADER 00822nam a2200205 a 4500
001 000623763
003 CZ BrMZK
005 20070313150737.0
008 020918s1970 xr f cze d
040 |a BOA001  |b cze  |c BOA001 
100 1 |a Staněk, Josef,  |d 1899-1995  |7 js20040107008  |4 art 
245 1 0 |a Josef Staněk - František Staněk - Milan Staněk :  |b [katalog výstavy r. 1970 v Bučovicích] /  |c [úv. texty] Jiří Kostka 
260 |a [Česko :  |b s.n.],  |c 1970 
300 |a 1 nestránkovaný sv. 
700 1 |a Kostka, Jiří,  |d 1920-1980  |7 jk01062000  |4 wfw 
700 1 |a Staněk, František,  |d 1909-1994  |7 mzk2007386183  |4 art 
700 1 |a Staněk, Milan,  |d 1931-2015  |7 ola200203748  |4 art 
910 |a BOA001  |b X-0783.968 
990 |a BK 
996 6 |b 2619215123  |c X-0783.968  |l MZK  |r Sklad / do 24 hodin  |n 1  |w 000623763  |u 000010  |a 1  |e BOA001  |j MZK50  |s P